Champignons de A à Z - Statistiques

Statistiques générales
  • Ce quiz a été pris 180 fois
  • Le résultat moyen est 8 sur 17
Statistiques - réponses
Lettre Champignon % Correct
C Calvatia | Cèpe | Champignon de Paris | Cèpe | Chanterelle | Clavaire | Clitocybe | Collybie | Coniophore | Coprin | Cortinaire | Coulemelle | Craterelle
94%
A Agaric | Amadouvier | Amanite | Anthracnose | Anthurus | Armillaire | Ascocoryne
90%
B Biannulaire | Bolet | Bolbice | Bondarzewiacée | Botrytis
87%
T Trémelle | Tricolome | Trompette de la mort | Truffe
75%
M Macrolépiote | Marasme | Matsutake | Mégacollybie | Mélanoleuque | Meunier | Morille | Morillon | Mucidule | Mycène
69%
G Ganoderme | Gomphide | Gymnopile | Gyromitre | Girolle
67%
P Panéole | Paxillacée | Paxille | Pézize | Pholiote | Pied-de-mouton | Pleurote | Plutée | Polyporacée | Polypore | Psilocybe
67%
L Laccaire | Langue de boeuf | Lentin | Lépiote | Lépiste | Leucocoprin | Lyophylle | Lactaire
58%
V Vesse-de-loup | Volvaire
46%
R Ramaire | Rhodocube | Russule
39%
O Omphale | Omphalote | Oreille de Judas | Oronge
31%
S Satyre | Scléroderme | Shiitaké | Souchette | Strophaire
26%
H Hébélome | Helvelle | Hydne | Hygrocybe | Hypholome
17%
E Entolome | Ergot
13%
N Nonnette
8%
F Fausse chanterelle | Fausse morille | Fausse oronge | Faux mousseron
7%
D Dédalé
2%
Aucun quiz correspondant
Distribution des résultats
% des personnes avec chaque résultat
Percentile par nombre de réponses
Votre historique - résultats
Vous n’avez pas pris ce quiz